Missing Word: Four Johns Quiz Stats

 Plays Quiz Updated Mar 18, 2013

Support Sporcle.
Go Orange.
Score 0/20 Timer 04:00
0 Plays Today
John Missing Word % Correct
John Travolta (Actor)Night
99.4%
John Travolta (Actor)Pulp
96.9%
John Steinbeck (Author)Mice
95.9%
John Hughes (Filmmaker)Off
93.8%
John Hughes (Filmmaker)Home
93.3%
John Hughes (Filmmaker)Trains
91.9%
John Steinbeck (Author)Grapes
91.1%
John Hughes (Filmmaker)Breakfast
85%
John Hughes (Filmmaker)Candles
83.6%
John Steinbeck (Author)Eden
80.6%
John Missing Word % Correct
John Travolta (Actor)Face
75.7%
John Travolta (Actor)Red
75.1%
John Lennon (Musician)Peace
67.7%
John Travolta (Actor)Colors
59.5%
John Lennon (Musician)Happy
50.8%
John Lennon (Musician)Starting
38.2%
John Lennon (Musician)Karma
36%
John Steinbeck (Author)Tortilla
20.4%
John Lennon (Musician)Jealous
17.9%
John Steinbeck (Author)Dubious
4.8%

Today's Daily Dose

You're not logged in!

Compare scores with friends on all Sporcle quizzes.
OR
Log In

From the Vault

Similar Premise: TV II

by ravcookie

We are still waiting for that Balki Bartokomous spin-off series.
Remove Ads.
Support Sporcle.
Get the best of Sporcle when you Go Orange. This ad-free experience offers more features, more stats, and more fun while also helping to support Sporcle. Thank you for becoming a member.

Show Comments

Extras

Top Quizzes Today


Score Distribution

Your Account Isn't Verified!

In order to create a playlist on Sporcle, you need to verify the email address you used during registration. Go to your Sporcle Settings to finish the process.

Report this User

Report this user for behavior that violates our Community Guidelines.

Details: